000
00258nam a2200109Ia 4500
008
190914s9999||||xx |||||||||||||| ||und||
100
_a
William H.Beaver
245
0
_a
Financial Reporting
260
_a
India
_b
McGraw Hill
_c
2000
300
_a
521
942
_c
BK
999
_c
9000
_d
9000